[Event "Abe Yanofsky mem."]
[Site "Winnipeg CAN"]
[Date "2012.07.28"]
[Round "3"]
[White "Boron, Anthony"]
[Black "Green, Aaron"]
[Result "1/2-1/2"]
[WhiteElo "2086"]
[BlackElo "2002"]
[PlyCount "61"]
[GameId "2160767909441811"]
[EventDate "2012.07.27"]
[EventType "swiss"]
[EventRounds "5"]
[EventCountry "CAN"]
[SourceTitle "EXT 2022"]
[Source "ChessBase"]
[SourceDate "2021.10.06"]
[SourceVersion "1"]
[SourceVersionDate "2021.10.06"]
[SourceQuality "1"]

1. e4 c5 2. d4 cxd4 3. c3 d3 4. Bxd3 d6 5. c4 Nc6 6. Nc3 g6 7. h3 Bg7 8. Nf3 Nf6 9. O-O Bd7 10. Bd2 Rc8 11. Rc1 O-O 12. Re1 a6 13. b3 e5 14. Bb1 h6 15. Be3 Be6 16. Qd2 Kh7 17. Red1 Ne8 18. c5 dxc5 19. Qxd8 Nxd8 20. Bxc5 Rxc5 21. Rxd8 Bf6 22. Rdd1 Bg7 23. Na4 Rxc1 24. Rxc1 Nd6 25. Rc5 Rc8 26. Rxc8 Bxc8 27. Bd3 f5 28. Nd2 b5 29. Nc5 Kg8 30. a4 Kf7 31. Kf1 1/2-1/2

[Event "Abe Yanofsky mem."]
[Site "Winnipeg CAN"]
[Date "2012.07.28"]
[Round "3"]
[White "Chandrashekhar, Iyer"]
[Black "Swift, Ryne"]
[Result "1-0"]
[WhiteElo "2183"]
[BlackElo "1815"]
[PlyCount "123"]
[GameId "2160767909441812"]
[EventDate "2012.07.27"]
[EventType "swiss"]
[EventRounds "5"]
[EventCountry "CAN"]
[SourceTitle "EXT 2022"]
[Source "ChessBase"]
[SourceDate "2021.10.06"]
[SourceVersion "1"]
[SourceVersionDate "2021.10.06"]
[SourceQuality "1"]

1. e4 e5 2. Bc4 Nc6 3. Nc3 Nf6 4. d3 d6 5. f4 Be7 6. f5 Bd7 7. a3 O-O 8. Nf3 a6 9. O-O Na5 10. Ba2 h6 11. Qe1 Nh7 12. Nd5 Nc6 13. g4 Nf6 14. Qg3 Nd4 15. Nxe7+ Qxe7 16. Nxd4 exd4 17. h4 Kh8 18. Qf3 Nh7 19. g5 hxg5 20. hxg5 Nxg5 21. Qh5+ Nh7 22. Rf2 g6 23. Qh6 gxf5 24. Rh2 f6 25. Kf2 Qg7 26. Qxg7+ Kxg7 27. Bh6+ Kg6 28. Bxf8 Rxf8 29. exf5+ Bxf5 30. Rah1 Ng5 31. Rh8 Kg7 32. Rxf8 Kxf8 33. Bd5 c6 34. Bg2 Bh7 35. Rh4 Ke7 36. Rxd4 Kd7 37. Rb4 b5 38. Rf4 Ke7 39. Rh4 c5 40. Be4 Nxe4+ 41. dxe4 Bg8 42. Rh8 Kf7 43. Ke3 Kg7 44. Rh2 d5 45. exd5 Bxd5 46. Rh5 Bc4 47. Rxc5 Kf7 48. Rc6 a5 49. b3 Be6 50. Ra6 a4 51. Ra7+ Ke8 52. bxa4 bxa4 53. Rxa4 Kd8 54. Ra6 Bf5 55. c4 Ke7 56. Kd4 Bc2 57. Rb6 f5 58. Ke5 Kd7 59. c5 Be4 60. a4 Kc7 61. a5 Bd3 62. a6 1-0

[Event "Abe Yanofsky mem."]
[Site "Winnipeg CAN"]
[Date "2012.07.28"]
[Round "3"]
[White "Currie, James"]
[Black "Boron, Anthony"]
[Result "1-0"]
[WhiteElo "1996"]
[BlackElo "2086"]
[PlyCount "33"]
[GameId "2160767909441813"]
[EventDate "2012.07.27"]
[EventType "swiss"]
[EventRounds "5"]
[EventCountry "CAN"]
[SourceTitle "EXT 2022"]
[Source "ChessBase"]
[SourceDate "2021.10.06"]
[SourceVersion "1"]
[SourceVersionDate "2021.10.06"]
[SourceQuality "1"]

1. e4 e6 2. d3 d5 3. Nd2 Nf6 4. Ngf3 Bc5 5. e5 Nfd7 6. Qe2 b6 7. g3 Nc6 8. c3 O-O 9. Bg2 Ba6 10. a4 Rb8 11. O-O Be7 12. b4 Bb7 13. Bh3 Qe8 14. Nb3 Nd8 15. Nbd4 c5 16. Nb5 cxb4 17. Nc7 1-0

[Event "Abe Yanofsky mem."]
[Site "Winnipeg CAN"]
[Date "2012.07.28"]
[Round "3"]
[White "Czarny, Keith"]
[Black "Schulz, Waldemar"]
[Result "1/2-1/2"]
[WhiteElo "1655"]
[BlackElo "2045"]
[PlyCount "125"]
[GameId "2160767909441814"]
[EventDate "2012.07.27"]
[EventType "swiss"]
[EventRounds "5"]
[EventCountry "CAN"]
[SourceTitle "EXT 2022"]
[Source "ChessBase"]
[SourceDate "2021.10.06"]
[SourceVersion "1"]
[SourceVersionDate "2021.10.06"]
[SourceQuality "1"]

1. Nf3 Nf6 2. g3 d5 3. Bg2 g6 4. O-O Bg7 5. d4 O-O 6. c4 c6 7. Nc3 Nbd7 8. cxd5 Nxd5 9. e4 Nxc3 10. bxc3 Nb6 11. Be3 Bg4 12. Qb3 Be6 13. d5 cxd5 14. Bxb6 Qxb6 15. Qxb6 axb6 16. Nd4 Bd7 17. exd5 Rfc8 18. Ne2 Ra3 19. Rab1 Rxa2 20. Nc1 Ra7 21. Rxb6 Rxc3 22. Ne2 Rc2 23. Nf4 Bf5 24. d6 exd6 25. Rxd6 Bf8 26. Rd8 Kg7 27. Nd5 b5 28. Ne3 Rc5 29. Nxf5+ Rxf5 30. Rb1 Bc5 31. Rd2 b4 32. Be4 Re5 33. Bf3 Ra3 34. Kg2 Rc3 35. Bd5 Rf5 36. f4 Rf6 37. Bb3 h6 38. Re2 g5 39. fxg5 hxg5 40. Reb2 Rcf3 41. Bd1 Rf1 42. Bb3 R1f5 43. Bc4 Rf2+ 44. Rxf2 Rxf2+ 45. Kh3 Kh6 46. Rf1 f5 47. Rxf2 Bxf2 48. Kg2 Bd4 49. Kf3 Kg6 50. Bd3 Kf6 51. Bc2 Ke5 52. Bd3 b3 53. Bb1 b2 54. Bd3 g4+ 55. Kg2 f4 56. gxf4+ Kxf4 57. Bh7 Be5 58. Bb1 Ke3 59. h4 Kd2 60. h5 Kc1 61. Bg6 b1=Q 62. Bxb1 Kxb1 63. h6 1/2-1/2

[Event "Abe Yanofsky mem."]
[Site "Winnipeg CAN"]
[Date "2012.07.28"]
[Round "3"]
[White "De Groot, Steven"]
[Black "Cleto, Sam"]
[Result "1/2-1/2"]
[WhiteElo "1897"]
[BlackElo "1884"]
[PlyCount "120"]
[GameId "2160767909441815"]
[EventDate "2012.07.27"]
[EventType "swiss"]
[EventRounds "5"]
[EventCountry "CAN"]
[SourceTitle "EXT 2022"]
[Source "ChessBase"]
[SourceDate "2021.10.06"]
[SourceVersion "1"]
[SourceVersionDate "2021.10.06"]
[SourceQuality "1"]

1. c4 Nf6 2. Nc3 g6 3. g3 Bg7 4. Bg2 c6 5. e4 d6 6. Nge2 Bg4 7. h3 Be6 8. d3 Na6 9. O-O Nc7 10. f4 Nh5 11. g4 Nf6 12. Ng3 Bc8 13. f5 O-O 14. g5 Nfe8 15. d4 b5 16. b3 bxc4 17. bxc4 Ba6 18. Qd3 d5 19. exd5 cxd5 20. Rd1 Bxc4 21. Qe3 Nd6 22. Ba3 Re8 23. Qf4 Qd7 24. f6 Bf8 25. Bxd6 exd6 26. Re1 Rxe1+ 27. Rxe1 Re8 28. Rxe8 Qxe8 29. Kf2 Qc6 30. Qd2 h6 31. h4 Qd7 32. Qf4 h5 33. Nge2 Ne6 34. Qe3 Qb7 35. Bh3 Bxe2 36. Nxe2 Nc7 37. Qb3 Qc6 38. Qc3 Qc4 39. Bd7 a6 40. a4 Ne6 41. Bxe6 fxe6 42. f7+ Kh7 43. Qf3 Qc8 44. Qf6 Bg7 45. Qe7 Bf8 46. Qf6 e5 47. dxe5 Qc5+ 48. Kf3 Qa3+ 49. Kg2 Qe3 50. Nf4 Qe4+ 51. Kg3 dxe5 52. Ne6 Qe1+ 53. Kg2 Qd2+ 54. Kg1 Qe1+ 55. Kg2 Qe2+ 56. Kh1 Qe4+ 57. Kg1 Qg4+ 58. Kf1 Qd1+ 59. Kg2 Qe2+ 60. Kg1 Qe1+ 1/2-1/2

[Event "Abe Yanofsky mem."]
[Site "Winnipeg CAN"]
[Date "2012.07.28"]
[Round "3"]
[White "Green, Aaron"]
[Black "Moncal, Nilo"]
[Result "1/2-1/2"]
[WhiteElo "2002"]
[BlackElo "2098"]
[PlyCount "86"]
[GameId "2160767909441816"]
[EventDate "2012.07.27"]
[EventType "swiss"]
[EventRounds "5"]
[EventCountry "CAN"]
[SourceTitle "EXT 2022"]
[Source "ChessBase"]
[SourceDate "2021.10.06"]
[SourceVersion "1"]
[SourceVersionDate "2021.10.06"]
[SourceQuality "1"]

1. e4 c5 2. c3 Nc6 3. d4 cxd4 4. cxd4 d5 5. e5 Bf5 6. Bd3 Bxd3 7. Qxd3 e6 8. Nc3 a6 9. f4 Nge7 10. Nf3 Qb6 11. O-O Nf5 12. Nxd5 Qd8 13. Nc3 Nfxd4 14. Nxd4 Qxd4+ 15. Qxd4 Nxd4 16. Ne4 Be7 17. Rd1 Rd8 18. Kf2 O-O 19. Be3 Nc6 20. Bb6 Rxd1 21. Rxd1 f6 22. exf6 Bxf6 23. Nxf6+ Rxf6 24. g3 e5 25. Be3 g5 26. Kf3 h5 27. Rd5 Kf8 28. h4 gxf4 29. gxf4 Ke7 30. Ke4 exf4 31. Bxf4 Re6+ 32. Kf3 b5 33. Rxh5 Nb4 34. Re5 Nxa2 35. Rxe6+ Kxe6 36. Bd2 Kf5 37. h5 b4 38. h6 Kg6 39. Ke4 a5 40. Kd4 a4 41. Kc4 b3 42. Kd3 Kh7 43. Kc4 Kg6 1/2-1/2

[Event "Abe Yanofsky mem."]
[Site "Winnipeg CAN"]
[Date "2012.07.28"]
[Round "3"]
[White "Melamedoff, Gustavo"]
[Black "Willis, Bradley"]
[Result "0-1"]
[WhiteElo "2125"]
[BlackElo "2048"]
[PlyCount "60"]
[GameId "2160767909441818"]
[EventDate "2012.07.27"]
[EventType "swiss"]
[EventRounds "5"]
[EventCountry "CAN"]
[SourceTitle "EXT 2022"]
[Source "ChessBase"]
[SourceDate "2021.10.06"]
[SourceVersion "1"]
[SourceVersionDate "2021.10.06"]
[SourceQuality "1"]

1. Nf3 e6 2. g3 f5 3. Bg2 Nf6 4. O-O Be7 5. b3 O-O 6. Bb2 Qe8 7. c4 d6 8. d3 Qh5 9. Nbd2 e5 10. Rc1 Nc6 11. c5 Bd7 12. b4 Rae8 13. b5 Nd8 14. cxd6 cxd6 15. Rc7 Be6 16. Qa4 Nd5 17. Rcc1 g5 18. h3 g4 19. hxg4 fxg4 20. Nh2 Bg5 21. Rcd1 Rf6 22. Nxg4 Bxg4 23. Bxd5+ Ne6 24. f4 Rh6 25. Rf2 exf4 26. gxf4 Bh4 27. Rh2 Qxd5 28. b6 Rf8 29. bxa7 b5 30. Qb4 Bf2+ 0-1

[Event "Abe Yanofsky mem."]
[Site "Winnipeg CAN"]
[Date "2012.07.28"]
[Round "3"]
[White "Nikouline, Alexandre"]
[Black "Kaptsan, Aron"]
[Result "1/2-1/2"]
[WhiteElo "2090"]
[BlackElo "2045"]
[PlyCount "91"]
[GameId "2160767909441819"]
[EventDate "2012.07.27"]
[EventType "swiss"]
[EventRounds "5"]
[EventCountry "CAN"]
[SourceTitle "EXT 2022"]
[Source "ChessBase"]
[SourceDate "2021.10.06"]
[SourceVersion "1"]
[SourceVersionDate "2021.10.06"]
[SourceQuality "1"]

1. e4 e5 2. Nf3 Nc6 3. Bb5 a6 4. Ba4 Nf6 5. O-O Be7 6. Re1 b5 7. Bb3 d6 8. c3 O-O 9. d4 Bg4 10. Be3 Na5 11. Bc2 Nc4 12. b3 Nxe3 13. Rxe3 Nd7 14. Nbd2 Bg5 15. Re2 Bxd2 16. Rxd2 Qf6 17. Qe2 exd4 18. cxd4 c5 19. Qd3 Bxf3 20. Qxf3 Qxf3 21. gxf3 c4 22. bxc4 bxc4 23. Ba4 Rfd8 24. Rb1 Rab8 25. Rxb8 Nxb8 26. d5 c3 27. Rc2 Rc8 28. Kf1 Rc5 29. Ke2 a5 30. Kd3 Na6 31. Rxc3 Nb4+ 32. Kd4 Rxc3 33. Kxc3 Nxa2+ 34. Kc4 Kf8 35. f4 Ke7 36. e5 f6 37. e6 Nb4 38. Bd1 Na6 39. Bc2 g6 40. f5 g5 41. Kb5 Nc7+ 42. Kc6 Ne8 43. Kb6 Ng7 44. Kxa5 Nh5 45. Kb4 Nf4 46. Kc4 1/2-1/2

[Event "Abe Yanofsky mem."]
[Site "Winnipeg CAN"]
[Date "2012.07.28"]
[Round "3"]
[White "Wasserman, Leor"]
[Black "Pottinger, Carl"]
[Result "1-0"]
[WhiteElo "2033"]
[BlackElo "1869"]
[PlyCount "87"]
[GameId "2160767909441820"]
[EventDate "2012.07.27"]
[EventType "swiss"]
[EventRounds "5"]
[EventCountry "CAN"]
[SourceTitle "EXT 2022"]
[Source "ChessBase"]
[SourceDate "2021.10.06"]
[SourceVersion "1"]
[SourceVersionDate "2021.10.06"]
[SourceQuality "1"]

1. e4 c5 2. Nf3 d6 3. d4 cxd4 4. Nxd4 Nf6 5. Nc3 g6 6. Be3 Bg7 7. f3 O-O 8. Bc4 Nc6 9. Qd2 Bd7 10. O-O-O Ne5 11. Bb3 Rb8 12. Kb1 b5 13. Bg5 Nc4 14. Bxc4 bxc4 15. Nde2 Qb6 16. Qc1 Be6 17. Ka1 Rb7 18. Be3 Qc7 19. Nf4 Rfb8 20. Nxe6 fxe6 21. Bd4 Rxb2 22. Qxb2 Rxb2 23. Kxb2 d5 24. e5 Nd7 25. f4 Nb8 26. Ka1 Nc6 27. Ne2 Nb4 28. c3 Nd3 29. Rb1 g5 30. g3 Bh6 31. Rhf1 gxf4 32. gxf4 Qd7 33. Nc1 Qa4 34. Nxd3 cxd3 35. Rb2 Bxf4 36. Rg2+ Kh8 37. Rxf4 Qd1+ 38. Kb2 h6 39. Rff2 Qa4 40. Rd2 Qb5+ 41. Ka1 a5 42. Rb2 Qc4 43. Rb8+ Kh7 44. Rbg8 1-0

[Event "Abe Yanofsky mem."]
[Site "Winnipeg CAN"]
[Date "2012.07.29"]
[Round "4"]
[White "Baragar, Fletcher"]
[Black "Babb, Jeff"]
[Result "1/2-1/2"]
[WhiteElo "2248"]
[BlackElo "2214"]
[PlyCount "109"]
[GameId "2160767909441821"]
[EventDate "2012.07.27"]
[EventType "swiss"]
[EventRounds "5"]
[EventCountry "CAN"]
[SourceTitle "EXT 2022"]
[Source "ChessBase"]
[SourceDate "2021.10.06"]
[SourceVersion "1"]
[SourceVersionDate "2021.10.06"]
[SourceQuality "1"]

1. d4 Nf6 2. c4 c5 3. d5 b5 4. cxb5 a6 5. bxa6 g6 6. Nc3 Bxa6 7. e4 Bxf1 8. Kxf1 d6 9. g3 Bg7 10. Kg2 O-O 11. Nf3 Nbd7 12. h3 Qa5 13. Re1 Ne8 14. Re2 Nc7 15. Bg5 Rfe8 16. Rc1 Nb5 17. Nxb5 Qxb5 18. b3 h6 19. Bf4 g5 20. Be3 Rec8 21. Rcc2 Ra6 22. Red2 Rca8 23. Qe2 Qxe2 24. Rxe2 Nf6 25. Bc1 Rb8 26. Nd2 Nd7 27. Nc4 Ne5 28. Nxe5 Bxe5 29. f4 gxf4 30. gxf4 Bd4 31. Kf3 Kh7 32. Rg2 f5 33. exf5 Rf8 34. Ke4 Rb6 35. Rg6 Rb4 36. Rc4 Rxc4 37. bxc4 Ra8 38. Rg2 Ra4 39. Rc2 Bf6 40. a3 Ra8 41. Ra2 Ra4 42. Kd3 Kg7 43. Bd2 Kf7 44. Bc3 Bxc3 45. Kxc3 Kf6 46. Kb3 Ra7 47. a4 Kxf5 48. a5 Rb7+ 49. Kc3 Kxf4 50. a6 Ra7 51. Kd3 Kg3 52. Ke4 Kxh3 53. Kf4 h5 54. Ra3+ Kg2 55. Kg5 1/2-1/2

[Event "Abe Yanofsky mem."]
[Site "Winnipeg CAN"]
[Date "2012.07.29"]
[Round "4"]
[White "Boron, Anthony"]
[Black "Melamedoff, Gustavo"]
[Result "0-1"]
[WhiteElo "2086"]
[BlackElo "2125"]
[PlyCount "102"]
[GameId "2160767909441822"]
[EventDate "2012.07.27"]
[EventType "swiss"]
[EventRounds "5"]
[EventCountry "CAN"]
[SourceTitle "EXT 2022"]
[Source "ChessBase"]
[SourceDate "2021.10.06"]
[SourceVersion "1"]
[SourceVersionDate "2021.10.06"]
[SourceQuality "1"]

1. e4 c5 2. Nf3 Nc6 3. Bb5 e6 4. Bxc6 bxc6 5. O-O d5 6. d3 Be7 7. b3 Nf6 8. e5 Nd7 9. c4 f5 10. Re1 O-O 11. g3 g5 12. h3 Rf7 13. Kg2 Rg7 14. Nh2 Qe8 15. g4 Nf8 16. Nc3 d4 17. Ne2 f4 18. Ng1 Bd7 19. Ngf3 Qb8 20. Ba3 Be8 21. Nxd4 cxd4 22. Bxe7 Rxe7 23. c5 Qd8 24. Nf3 Rg7 25. Re4 Bg6 26. Rxd4 Rd7 27. Rd6 Rxd6 28. exd6 Nd7 29. Rc1 Qf6 30. Qe2 e5 31. Qc2 Re8 32. Qc4+ Qe6 33. Qxe6+ Rxe6 34. Nxg5 Rf6 35. Ne4 Bxe4+ 36. dxe4 Rf8 37. Kf3 Rb8 38. Rc4 Rb5 39. Ra4 a5 40. b4 axb4 41. Ra7 Nxc5 42. Rc7 Rb8 43. d7 Rd8 44. Rc8 Ne6 45. Kg2 c5 46. g5 Kf7 47. h4 Rxd7 48. Rh8 Kg7 49. Re8 Kf7 50. Rh8 Kg6 51. Kh3 Rd8 0-1

[Event "Abe Yanofsky mem."]
[Site "Winnipeg CAN"]
[Date "2012.07.29"]
[Round "4"]
[White "Green, Aaron"]
[Black "Repa, Jason"]
[Result "0-1"]
[WhiteElo "2002"]
[BlackElo "2106"]
[PlyCount "68"]
[GameId "2160767909441823"]
[EventDate "2012.07.27"]
[EventType "swiss"]
[EventRounds "5"]
[EventCountry "CAN"]
[SourceTitle "EXT 2022"]
[Source "ChessBase"]
[SourceDate "2021.10.06"]
[SourceVersion "1"]
[SourceVersionDate "2021.10.06"]
[SourceQuality "1"]

1. e4 e6 2. d4 d5 3. exd5 exd5 4. c4 Nf6 5. Bd3 Be7 6. Ne2 O-O 7. O-O Nc6 8. Nbc3 Nb4 9. a3 Nxd3 10. Qxd3 dxc4 11. Qxc4 c6 12. h3 Be6 13. Qd3 b5 14. Nf4 Bc4 15. Qg3 Bxf1 16. Kxf1 Qxd4 17. Be3 Qc4+ 18. Kg1 Bd6 19. Qf3 Bxf4 20. Bxf4 Nd5 21. Nxd5 Qxd5 22. Qg3 Rfe8 23. Rc1 c5 24. Rc3 c4 25. Rf3 Re1+ 26. Kh2 Qd1 27. Qg4 Rh1+ 28. Kg3 Re8 29. Bh6 Qd6+ 30. Bf4 Qe6 31. Qh5 Qg6+ 32. Qxg6 hxg6 33. Bd2 Rd1 34. Bc3 Rd3 0-1

[Event "Abe Yanofsky mem."]
[Site "Winnipeg CAN"]
[Date "2012.07.29"]
[Round "4"]
[White "Kaptsan, Aron"]
[Black "De Groot, Steven"]
[Result "1/2-1/2"]
[WhiteElo "2019"]
[BlackElo "1897"]
[PlyCount "61"]
[GameId "2160767909441824"]
[EventDate "2012.07.27"]
[EventType "swiss"]
[EventRounds "5"]
[EventCountry "CAN"]
[SourceTitle "EXT 2022"]
[Source "ChessBase"]
[SourceDate "2021.10.06"]
[SourceVersion "1"]
[SourceVersionDate "2021.10.06"]
[SourceQuality "1"]

1. d4 Nf6 2. c4 g6 3. Nc3 d5 4. Nf3 Bg7 5. Qb3 dxc4 6. Qxc4 O-O 7. e4 Bg4 8. Be2 Bxf3 9. Bxf3 Nc6 10. Be3 Nd7 11. Rd1 Nb6 12. Qd3 Qd7 13. O-O Rfd8 14. d5 Ne5 15. Qe2 Nbc4 16. Bc1 e6 17. b3 Nxf3+ 18. Qxf3 Ne5 19. Qe2 Qe7 20. Bf4 c6 21. Bxe5 Bxe5 22. Qf3 Bxc3 23. Qxc3 exd5 24. exd5 cxd5 25. Rd4 Rac8 26. Qd2 Qe5 27. g3 b6 28. Rd1 Kg7 29. Rxd5 Rxd5 30. Qxd5 Qxd5 31. Rxd5 1/2-1/2

[Event "Abe Yanofsky mem."]
[Site "Winnipeg CAN"]
[Date "2012.07.29"]
[Round "4"]
[White "Moleta, Johan Kenneth"]
[Black "Pottinger, Carl"]
[Result "1-0"]
[WhiteElo "1944"]
[BlackElo "1869"]
[PlyCount "55"]
[GameId "2160767909441825"]
[EventDate "2012.07.27"]
[EventType "swiss"]
[EventRounds "5"]
[EventCountry "CAN"]
[SourceTitle "EXT 2022"]
[Source "ChessBase"]
[SourceDate "2021.10.06"]
[SourceVersion "1"]
[SourceVersionDate "2021.10.06"]
[SourceQuality "1"]

1. d4 Nf6 2. c4 e6 3. Nc3 c5 4. Nf3 cxd4 5. Nxd4 Bb4 6. Bd2 d5 7. e3 O-O 8. a3 Be7 9. Be2 Nc6 10. cxd5 Nxd4 11. exd4 Nxd5 12. Bf3 Bf6 13. Nxd5 exd5 14. O-O Bxd4 15. Bb4 Bxb2 16. Ra2 Bf6 17. Bxf8 Kxf8 18. Bxd5 Rb8 19. Qb3 Qe7 20. Qf3 Be6 21. Bxe6 Qxe6 22. Re2 Qa6 23. Rd2 b5 24. Rfd1 Qa4 25. Rd7 Kg8 26. Qd5 Rf8 27. Qd6 Bb2 28. Rd8 1-0

[Event "Abe Yanofsky mem."]
[Site "Winnipeg CAN"]
[Date "2012.07.29"]
[Round "4"]
[White "Moncal, Nilo"]
[Black "Wasserman, Leor"]
[Result "0-1"]
[WhiteElo "2098"]
[BlackElo "2033"]
[PlyCount "36"]
[GameId "2160767909441826"]
[EventDate "2012.07.27"]
[EventType "swiss"]
[EventRounds "5"]
[EventCountry "CAN"]
[SourceTitle "EXT 2022"]
[Source "ChessBase"]
[SourceDate "2021.10.06"]
[SourceVersion "1"]
[SourceVersionDate "2021.10.06"]
[SourceQuality "1"]

1. d4 Nf6 2. Nf3 e6 3. c4 d5 4. Nc3 Bb4 5. Qb3 Nc6 6. cxd5 exd5 7. e3 a5 8. Bb5 Ne4 9. O-O O-O 10. Nxe4 dxe4 11. Bxc6 bxc6 12. Ne5 Ba6 13. a3 Bxf1 14. axb4 a4 15. Rxa4 Rxa4 16. Qxa4 Bb5 17. Qc2 Qd5 18. f3 f6 0-1

[Event "Abe Yanofsky mem."]
[Site "Winnipeg CAN"]
[Date "2012.07.29"]
[Round "4"]
[White "Rutter, Blair"]
[Black "Wiebe, Daniel"]
[Result "0-1"]
[WhiteElo "1870"]
[BlackElo "1998"]
[PlyCount "88"]
[GameId "2160767909441827"]
[EventDate "2012.07.27"]
[EventType "swiss"]
[EventRounds "5"]
[EventCountry "CAN"]
[SourceTitle "EXT 2022"]
[Source "ChessBase"]
[SourceDate "2021.10.06"]
[SourceVersion "1"]
[SourceVersionDate "2021.10.06"]
[SourceQuality "1"]

1. c4 Nf6 2. g3 g6 3. Bg2 d5 4. Nc3 dxc4 5. Qa4+ Nfd7 6. Qxc4 Nb6 7. Qb3 Bg7 8. Nf3 O-O 9. O-O Nc6 10. d3 Bg4 11. Be3 e5 12. Rad1 Nd4 13. Bxd4 exd4 14. Ne4 a5 15. a3 Be6 16. Qc2 Nd7 17. Rc1 c6 18. Nd6 Qb8 19. Nc4 Re8 20. Rfe1 Bd5 21. e4 dxe3 22. Nxe3 Bxf3 23. Bxf3 Nf8 24. Nc4 Ne6 25. Be4 Nd4 26. Qd1 Bh6 27. Rb1 Qd8 28. b4 axb4 29. axb4 Bg7 30. Bg2 Ra2 31. Ne3 Qf6 32. Ng4 Qd8 33. Rxe8+ Qxe8 34. Qe1 Ne2+ 35. Kf1 Qd7 36. Bf3 Nd4 37. Bd1 h5 38. Ne5 Qf5 39. Nc4 Qxd3+ 40. Kg1 Qxb1 41. Qe8+ Kh7 42. Ne3 Nf5 43. Nxf5 Qxf5 44. Qe1 Bd4 0-1

[Event "Abe Yanofsky mem."]
[Site "Winnipeg CAN"]
[Date "2012.07.29"]
[Round "4"]
[White "Schulz, Waldemar"]
[Black "Cleto, Sam"]
[Result "1-0"]
[WhiteElo "2045"]
[BlackElo "1884"]
[PlyCount "129"]
[GameId "2160767909441828"]
[EventDate "2012.07.27"]
[EventType "swiss"]
[EventRounds "5"]
[EventCountry "CAN"]
[SourceTitle "EXT 2022"]
[Source "ChessBase"]
[SourceDate "2021.10.06"]
[SourceVersion "1"]
[SourceVersionDate "2021.10.06"]
[SourceQuality "1"]

1. Nf3 Nf6 2. g3 d5 3. Bg2 Nc6 4. d4 h6 5. b3 Bf5 6. Bb2 e6 7. O-O Bd6 8. Nbd2 b5 9. Nh4 O-O 10. Nxf5 exf5 11. c4 bxc4 12. bxc4 Rb8 13. Bc3 Bb4 14. Bxb4 Nxb4 15. a3 Nc6 16. e3 Ne4 17. cxd5 Qxd5 18. Qc2 Rfe8 19. Rfc1 Rb6 20. Rab1 Rxb1 21. Rxb1 Qd6 22. Nxe4 fxe4 23. Bxe4 Ne7 24. Qd3 Nd5 25. Bg2 c6 26. Qb3 Nb6 27. Qb4 Qg6 28. Rc1 Re6 29. Qb3 Nd7 30. Qc2 Qh5 31. Bxc6 Nf6 32. Bg2 Qa5 33. Qc5 Qd2 34. Qc3 Qe2 35. Qc8+ Kh7 36. Qc2+ Qxc2 37. Rxc2 Ra6 38. Rc3 Ne8 39. Be4+ g6 40. Bd3 Ra5 41. Kg2 Kg7 42. a4 Nf6 43. Bc2 Nd5 44. Rc5 Rxc5 45. dxc5 Kf6 46. Kf3 Ke5 47. Bb3 f5 48. g4 fxg4+ 49. Kxg4 Nf6+ 50. Kf3 Ne4 51. c6 Ng5+ 52. Ke2 Kd6 53. Bc2 Kxc6 54. Bxg6 Kc5 55. f4 Ne6 56. Kd3 Kb4 57. Be8 Nc7 58. Bd7 Na6 59. Kd4 Nc5 60. Be8 Ne6+ 61. Ke5 Nc7 62. Bd7 Kc5 63. f5 Nd5 64. f6 Nb6 65. Ke6 1-0

[Event "Abe Yanofsky mem."]
[Site "Winnipeg CAN"]
[Date "2012.07.29"]
[Round "4"]
[White "Swift, Ryne"]
[Black "Nikouline, Alexandre"]
[Result "1/2-1/2"]
[WhiteElo "1815"]
[BlackElo "2090"]
[PlyCount "101"]
[GameId "2160767909441829"]
[EventDate "2012.07.27"]
[EventType "swiss"]
[EventRounds "5"]
[EventCountry "CAN"]
[SourceTitle "EXT 2022"]
[Source "ChessBase"]
[SourceDate "2021.10.06"]
[SourceVersion "1"]
[SourceVersionDate "2021.10.06"]
[SourceQuality "1"]

1. e4 e5 2. Nf3 Nc6 3. d4 exd4 4. Nxd4 Nf6 5. Nc3 Bb4 6. Nxc6 bxc6 7. Bd3 O-O 8. O-O d6 9. Bd2 a5 10. f3 Bc5+ 11. Kh1 Ba6 12. Bxa6 Rxa6 13. Qe2 Qc8 14. Rfe1 d5 15. exd5 cxd5 16. Qd3 c6 17. Rab1 Ra7 18. Be3 Bxe3 19. Rxe3 Qb8 20. b3 Qb4 21. Ne2 Re7 22. c3 Qd6 23. Rxe7 Qxe7 24. Nd4 Re8 25. Qd2 Qd7 26. a4 Kf8 27. b4 Qc7 28. Kg1 Nd7 29. Re1 Ne5 30. f4 Nc4 31. Rxe8+ Kxe8 32. Qf2 Nb6 33. Qe2+ Qe7 34. Qxe7+ Kxe7 35. Nxc6+ Kd6 36. bxa5 Nxa4 37. Nd4 Nxc3 38. Nf5+ Kc5 39. Kf2 g6 40. Nh6 f5 41. g4 Ne4+ 42. Ke2 Kc4 43. gxf5 d4 44. fxg6 d3+ 45. Kd1 hxg6 46. Ng4 Nc5 47. a6 Nxa6 48. Ne5+ Kc3 49. Nxg6 Nc7 50. Ne5 Nd5 51. Nxd3 1/2-1/2

[Event "Abe Yanofsky mem."]
[Site "Winnipeg CAN"]
[Date "2012.07.29"]
[Round "4"]
[White "Vincent, Trevor"]
[Black "Currie, James"]
[Result "1-0"]
[WhiteElo "2356"]
[BlackElo "1996"]
[PlyCount "33"]
[GameId "2160767909441830"]
[EventDate "2012.07.27"]
[EventType "swiss"]
[EventRounds "5"]
[EventCountry "CAN"]
[SourceTitle "EXT 2022"]
[Source "ChessBase"]
[SourceDate "2021.10.06"]
[SourceVersion "1"]
[SourceVersionDate "2021.10.06"]
[SourceQuality "1"]

1. c4 Na6 2. g3 c6 3. Bg2 Qa5 4. Nc3 e6 5. Nf3 h5 6. d4 Nh6 7. O-O Bb4 8. c5 Bxc3 9. bxc3 b6 10. cxb6 axb6 11. Qb3 Nc7 12. Ne5 Nd5 13. c4 Qb4 14. Bxh6 Qxb3 15. axb3 Rxa1 16. Rxa1 Rxh6 17. cxd5 1-0

[Event "Abe Yanofsky mem."]
[Site "Winnipeg CAN"]
[Date "2012.07.29"]
[Round "4"]
[White "Willis, Bradley"]
[Black "Chandrashekhar, Iyer"]
[Result "1/2-1/2"]
[WhiteElo "2048"]
[BlackElo "2183"]
[PlyCount "107"]
[GameId "2160767909441831"]
[EventDate "2012.07.27"]
[EventType "swiss"]
[EventRounds "5"]
[EventCountry "CAN"]
[SourceTitle "EXT 2022"]
[Source "ChessBase"]
[SourceDate "2021.10.06"]
[SourceVersion "1"]
[SourceVersionDate "2021.10.06"]
[SourceQuality "1"]

1. e4 d5 2. d4 dxe4 3. Nc3 Nf6 4. f3 exf3 5. Nxf3 g6 6. Bd3 Bg7 7. Bg5 Bg4 8. h3 Bxf3 9. Qxf3 c6 10. O-O-O O-O 11. h4 Qxd4 12. Bxg6 Qg4 13. Bd3 Qxf3 14. gxf3 Nbd7 15. Rde1 e6 16. h5 h6 17. Bd2 Rad8 18. Ne4 Nxe4 19. Bxe4 Nf6 20. Bd3 Rd5 21. Reg1 Kh8 22. Rh4 Rxh5 23. Rxh5 Nxh5 24. Rh1 Nf6 25. Bxh6 Bxh6+ 26. Rxh6+ Kg7 27. Rh4 Rd8 28. a3 a6 29. Kd2 Nd5 30. c4 Ne7 31. Ke3 f5 32. Rd4 Rxd4 33. Kxd4 Nc8 34. Ke5 Kf7 35. c5 Ne7 36. Kd6 Nd5 37. Kd7 a5 38. Kc8 b6 39. cxb6 Nxb6+ 40. Kc7 Na4 41. b3 Nb2 42. Be2 c5 43. Kc6 c4 44. bxc4 Na4 45. c5 e5 46. Kd6 e4 47. fxe4 fxe4 48. c6 Nb6 49. Kc5 Nc8 50. Bg4 e3 51. Kc4 Na7 52. Kc5 Nc8 53. Kb5 Ke7 54. Kxa5 1/2-1/2